Länder die mit I-enden - Statistiken

Allgemein
  • Dieses Quiz wurde 236 mal gespielt
  • Das Durchschnittsergebnis liegt bei 6 aus 12
Antwortstatistiken
Land % Korrekt
Mali
68%
Fidschi
59%
Kiribati
58%
Haiti
55%
Malawi
54%
Brunei
52%
Burundi
52%
Eswatini
51%
Dschibuti
44%
Mongolei
44%
Türkei
41%
Slowakei
32%
Keine übereinstimmenden Quizze gefunden
Verteilung der Resultate
Anzahl Personen mit jedem Resultat
Perzentil nach korrekt beantworteten Fragen
Ihre Resultats-Entwicklung
Sie haben dieses Quiz noch nicht gespielt